01143nac a22002531u 4500010001300000020001500013082002100028090001300049100003400062245006300096246003000159260003700189300003200226500002000258650006700278650004800345650004400393856008500437856007800522856010400600942002300704999001300727952014900740 a97179462 a007065330500a621.31924bT7687 c914d914 aTraister, John E. 10aHandbook of electrical design details /cJohn E. Traister.30aElectrical design details aNew York :bMcGraw-Hill,cc1997. ax, 800 p. :bill. ;c28 cm. aIncludes index. 0aElectric engineeringxSpecificationsvHandbooks, manuals, etc. 0aElectric draftingvHandbooks, manuals, etc. 0aElectric wiringxCharts, diagrams, etc.423Publisher descriptionuhttp://www.loc.gov/catdir/description/mh023/97179462.html423Table of contents onlyuhttp://www.loc.gov/catdir/toc/mh022/97179462.html423Contributor biographical informationuhttp://www.loc.gov/catdir/enhancements/fy0602/97179462-b.html cBBk621.31924T7687 c914d914 00102ddc40708 aMAINbMAINc1STd2010-08-06epurchaseg800.00l1m13o621.31924 TRAp000003614r2025-07-15 00:00:00s2014-10-08v1000.00yBB